Aishen de xuehu zhiwu

Bibliographic Details
Main Author: Mon Kei Kei
Format: Book
Published: s.l. : China Translation Press Group , 2007
Subjects:

MARC

LEADER 00000cam a2200000 7i4500
001 0000121567
005 20251009102158.0
020 |a 978750017292 
090 0 0 |a FMC   |b MON 
100 0 |a Mon Kei Kei 
245 1 0 |a Aishen de xuehu zhiwu   |c Mon Kei Kei 
260 |a s.l. :   |b China Translation Press Group ,   |c 2007 
300 |a 230p. ;   |c 24cm. 
650 0 0 |a Chinese fiction 
650 0 0 |a Chinese language 
999 |a 00213287   |b BUKU   |c FICTION MANDARIN COLLECTION   |e PERPUSTAKAAN KOMUNITI PETALING JAYA 
999 |a 00213288   |b BUKU   |c FICTION MANDARIN COLLECTION   |e PERPUSTAKAAN KOMUNITI PETALING JAYA